00564cam a2200181 a 4500001000800000005001700008008004100025010001700066020003200083040001800115041000800133080001900141082002300160100000700183101000800190245012000198504006400318398169120180307080750.0951213s1996 nyua b 001 0 eng  a 95052250  a0471577790 (acidfree paper) aDLCcDLCdDLC aeng a658.4/04 kev00a658.4/04 kev2201 a54 aman10aVisualizing project management /cKevin Forsberg, Hal Mooz, and Howard Cotterman ; foreword by Norman R. Augustine. aIncludes bibliographical references (p. 287-290) and index.